| 000 | 00341nam a2200133Ia 4500 | ||
|---|---|---|---|
| 005 | 20251222155130.0 | ||
| 008 | 251222s9999||||xx |||||||||||||| ||spa|| | ||
| 082 | _aEDUM.127 | ||
| 100 | _aLUIS DIAZ HERNANDEZ | ||
| 245 | 0 | _aLa investigación y el cuidado e América Latina | |
| 250 | _a1ra. ed. | ||
| 264 | _bUniv.de Colombia | ||
| 942 | _cLIB | ||
| 999 |
_c38793 _d38793 |
||